Manual para jardineros (Registro nro. 17596)
[ vista simple ]
| 000 -CABECERA | |
|---|---|
| Campo de control | 01022nam a22003017a 4500 |
| 005 - FECHA Y HORA DE LA ULTIMA TRANSACCION | |
| Campo de control | 20161128094553.0 |
| 008 - ELEMENTOS DE LONGITUD FIJA—INFORMACION GENERAL | |
| Campo de control | 150717b2014 ck ||||| |||| 00| 0 spa d |
| 020 ## - ISBN | |
| ISBN | 9789585143526 |
| 040 ## - FUENTE DE CATALOGACIÓN | |
| Agencia catalogadora original | CO-BoIAVH |
| Agencia transcriptora | CO-BoIAVH |
| 041 0# - IDIOMA | |
| Código de idioma para texto/pista de sonido o título separado | Español |
| 044 ## - PAÍS DE PUBLICACIÓN | |
| País de publicación | Colombia |
| 082 #4 - NUMERO DE CLASIFICACION DECIMAL DEWEY | |
| Número de clasificación | 571.2012 |
| Número del ítem | C82m |
| 245 1# - MENCION DE TITULO | |
| Título | Manual para jardineros |
| 260 3# - PUBLICACION, DISTRIBUCION, ETC. (PIE DE IMPRENTA) | |
| Lugar de publicación, distribución, etc. | Medellín (Colombia): |
| Nombre del editor, distribuidor, etc. | Fondo editorial jardín botánico Medellín, |
| Fecha de publicación, distribución, etc. | 2014. |
| 300 ## - DESCRIPCION FISICA | |
| Extensión | 208 p. |
| Otros detalles físicos | ilustraciones, fotografías, color |
| Dimensiones | 14 cm. |
| 504 ## - NOTA DE BIBLIOGRAFIA, ETC. | |
| Nota de bibliografía | Incluye referencias bibliográficas (Pág. 209). |
| 650 #4 - ASIENTO SECUNDARIO DE MATERIA - TERMINO TEMATICO | |
| Término temático o nombre geográfico como elemento de entrada | Flora |
| Subdivisión de forma | Manual |
| Subdivisión general | Siembra |
| 9 (RLIN) | 35888 |
| 650 #4 - ASIENTO SECUNDARIO DE MATERIA - TERMINO TEMATICO | |
| Término temático o nombre geográfico como elemento de entrada | Flora |
| Subdivisión general | Taxonomía |
| 9 (RLIN) | 35889 |
| 650 #4 - ASIENTO SECUNDARIO DE MATERIA - TERMINO TEMATICO | |
| Término temático o nombre geográfico como elemento de entrada | Flora |
| Subdivisión general | Plantación |
| 9 (RLIN) | 35890 |
| 651 #4 - ASIENTO SECUNDARIO DE MATERIA - NOMBRE GEOGRAFICO | |
| Nombre geográfico | Colombia |
| Subdivisión geográfica | Medellín |
| 9 (RLIN) | 35891 |
| 700 1# - ASIENTO SECUNDARIO - NOMBRE PERSONAL | |
| Nombre personal | Correa Franco, Leonardo |
| 9 (RLIN) | 35882 |
| 700 1# - ASIENTO SECUNDARIO - NOMBRE PERSONAL | |
| Nombre personal | Palacios, Camilo |
| 9 (RLIN) | 35883 |
| 700 1# - ASIENTO SECUNDARIO - NOMBRE PERSONAL | |
| Nombre personal | Vera, Luis Eduardo |
| 9 (RLIN) | 35884 |
| 700 1# - ASIENTO SECUNDARIO - NOMBRE PERSONAL | |
| Nombre personal | Fernández G., Luis Fernando |
| 9 (RLIN) | 35885 |
| 700 1# - ASIENTO SECUNDARIO - NOMBRE PERSONAL | |
| Nombre personal | Férnandez P., Raquel Vanessa |
| 9 (RLIN) | 35886 |
| 700 1# - ASIENTO SECUNDARIO - NOMBRE PERSONAL | |
| 9 (RLIN) | 35887 |
| Nombre personal | Pérez Z., Lina P. |
| Término de relación | editora |
| 942 ## - ELEMENTOS ADICIONALES (KOHA) | |
| Sistema de clasificación | Dewey Decimal Classification |
| Tipo de ítem | Libro |
| Withdrawn status | Lost status | Sistema de Clasificación | Damaged status | No para préstamo | Colección | Inventariado | Ubicación Permanente | Ubicación actual | Fecha de adquisición | Fuente de Valor | Valor | Total Checkouts | Número topográfico | Inventario / Código de Barras | Date last seen | Ejemplar | Price effective from | Forma de adquisición | Tipo de material |
|---|---|---|---|---|---|---|---|---|---|---|---|---|---|---|---|---|---|---|---|
| Dewey Decimal Classification | General | Inventariado 2017 | Bogotá | Bogotá | 17/07/2015 | Instituto | 39000.00 | LB-571.2012 C82m | 042074 | 17/07/2015 | Ej. 1 | 17/07/2015 | Canje | Libro |